[Event "I Chess Classic Festival"]
[Site "Siracusa ITA"]
[Date "2006.09.25"]
[Round "3"]
[White "Tumino, Andrea"]
[Black "Seminara, Antonio"]
[Result "0-1"]
[WhiteElo "1640"]
[BlackElo "1976"]
[PlyCount "98"]
[EventDate "2006.09.23"]

1. e4 c5 2. Nf3 Nc6 3. Bc4 e6 4. O-O g6 5. Nc3 Bg7 6. d4 Nxd4 7. Nxd4 cxd4 8.
Nb5 Qb6 9. c3 Ne7 10. Nxd4 O-O 11. Nb5 d5 12. exd5 exd5 13. Be2 a6 14. Be3 Qd8
15. Nd4 Be6 16. Bf3 Nf5 17. Nxf5 gxf5 18. Bd4 Re8 19. Qd2 Rc8 20. Rad1 Bxd4 21.
Qxd4 Rc4 22. Qxc4 dxc4 23. Rxd8 Rxd8 24. Bxb7 a5 25. f3 Rb8 26. Bc6 Rxb2 27. a4
Rc2 28. Re1 Rxc3 29. Re5 Rc1+ 30. Kf2 c3 31. Re1 Rxe1 32. Kxe1 Bb3 33. Bd7 Kg7
34. Ke2 Kf6 35. Kd3 c2 36. Kd2 Ke5 37. g3 h5 38. f4+ Kd4 39. h3 Kc5 40. Bb5 Kd4
41. Bd7 Kc4 42. Bb5+ Kb4 43. Bd7 Bxa4 44. Bxf5 Bb3 45. g4 h4 46. g5 Kc5 47. Bd3
Kd4 48. f5 c1=Q+ 49. Kxc1 Kxd3 0-1

[Event "I Chess Classic Festival"]
[Site "Siracusa ITA"]
[Date "2006.09.26"]
[Round "4"]
[White "Bramanti, Vincenzo"]
[Black "Monica, Vincenzo"]
[Result "1/2-1/2"]
[WhiteElo "1425"]
[BlackElo "1523"]
[PlyCount "71"]
[EventDate "2006.09.23"]

1. d4 d5 2. c4 Nf6 3. cxd5 Nxd5 4. e4 Nf6 5. Nc3 g6 6. Bc4 c6 7. a4 Bg7 8. Be3
Ng4 9. Nf3 Nxe3 10. fxe3 O-O 11. O-O Bg4 12. Qb3 Qc7 13. Ng5 e6 14. h3 Qe7 15.
hxg4 Qxg5 16. Rae1 Qxg4 17. Qxb7 Nd7 18. Qxd7 c5 19. d5 Rad8 20. Qc7 exd5 21.
Bxd5 Rd7 22. Qxc5 Be5 23. Rf3 Qh4 24. Kf1 Qh1+ 25. Kf2 Qh4+ 26. Ke2 Qh2 27.
Ref1 Qxg2+ 28. R1f2 Qg4 29. Bxf7+ Rdxf7 30. Qd5 Qh5 31. Kd3 Bxc3 32. Qxh5 gxh5
33. Rxf7 Rxf7 34. Rxf7 Kxf7 35. bxc3 Ke6 36. Ke2 1/2-1/2

[Event "I Chess Classic Festival"]
[Site "Siracusa ITA"]
[Date "2006.09.26"]
[Round "4"]
[White "Campailla, Maurizio"]
[Black "Minniti, Elenamaria"]
[Result "0-1"]
[WhiteElo "1658"]
[BlackElo "1455"]
[PlyCount "59"]
[EventDate "2006.09.23"]

1. f4 d5 2. Nf3 Nc6 3. b3 Bf5 4. Bb2 e6 5. e3 Nf6 6. Be2 Bc5 7. a3 a5 8. O-O
O-O 9. Bb5 Qd6 10. Bxc6 Qxc6 11. Ne5 Qd6 12. Re1 Nd7 13. d3 Nxe5 14. Bxe5 Qb6
15. Qe2 Bd6 16. Kh1 Qc6 17. Ra2 Bxe5 18. fxe5 d4 19. e4 Bg6 20. Nd2 Qb5 21. Nc4
Qc5 22. Qf2 b5 23. Nxa5 Qxe5 24. Nc6 Qd6 25. Nxd4 c6 26. b4 e5 27. Qg3 Qxd4 28.
Rc1 Qc3 29. Raa1 f6 30. a4 0-1

[Event "I Chess Classic Festival"]
[Site "Siracusa ITA"]
[Date "2006.09.26"]
[Round "4"]
[White "Cappello, Antonino"]
[Black "Cordaro, Giovanni"]
[Result "1/2-1/2"]
[WhiteElo "1631"]
[BlackElo "1482"]
[PlyCount "90"]
[EventDate "2006.09.23"]

1. d4 d5 2. c4 c6 3. Nc3 Nf6 4. Nf3 Nbd7 5. Qc2 e6 6. Bg5 b5 7. cxd5 exd5 8. a3
Bd6 9. e4 dxe4 10. Nxe4 Qc7 11. Nxd6+ Qxd6 12. Be2 O-O 13. Rd1 Bb7 14. b4 a5
15. Ne5 Nxe5 16. dxe5 Qxe5 17. Bxf6 Qxf6 18. O-O axb4 19. axb4 Qg6 20. Bd3 Qh5
21. f4 f5 22. Rf3 Qg4 23. Rdf1 Qg6 24. Rg3 Qf6 25. Rg5 Bc8 26. Qc5 Ra1 27. h3
Rxf1+ 28. Bxf1 Rd8 29. Kh2 Qd4 30. Kg3 Qxc5 31. bxc5 Rd5 32. Kf3 Rxc5 33. Ke3
Rd5 34. Bd3 Bd7 35. g4 fxg4 36. Rxd5 cxd5 37. hxg4 Kf7 38. f5 Kf6 39. Kd4 g6
40. Kxd5 gxf5 41. gxf5 h5 42. Kd4 h4 43. Bf1 Kxf5 44. Bh3+ Kf4 45. Bxd7 Kg3
1/2-1/2

[Event "I Chess Classic Festival"]
[Site "Siracusa ITA"]
[Date "2006.09.26"]
[Round "4"]
[White "Carnemolla, Giampaolo"]
[Black "Tondo, Salvatore"]
[Result "0-1"]
[WhiteElo "1659"]
[BlackElo "2029"]
[PlyCount "56"]
[EventDate "2006.09.23"]

1. d4 Nf6 2. c4 c5 3. d5 Ne4 4. f3 Qa5+ 5. Nd2 Nd6 6. e4 g6 7. Bd3 Bg7 8. Ne2
b5 9. cxb5 c4 10. Bc2 Qxb5 11. Ba4 Qc5 12. Qc2 Na6 13. a3 O-O 14. Nf1 Qc7 15.
Nc3 Nc5 16. Ne3 Nd3+ 17. Kf1 Ba6 18. g3 f5 19. exf5 Nxf5 20. Nxf5 Rxf5 21. Kg2
Raf8 22. f4 e5 23. Be3 exf4 24. gxf4 Nxf4+ 25. Bxf4 Qxf4 26. Ne4 Qf3+ 27. Kg1
Bd4+ 28. Nf2 Bxf2+ 0-1

[Event "I Chess Classic Festival"]
[Site "Siracusa ITA"]
[Date "2006.09.26"]
[Round "4"]
[White "Cioffi, Luigi"]
[Black "Larsson, Daniel"]
[Result "0-1"]
[WhiteElo "1735"]
[BlackElo "1958"]
[PlyCount "142"]
[EventDate "2006.09.23"]

1. b3 e5 2. Bb2 Nc6 3. e3 g6 4. Nc3 Bg7 5. a3 d6 6. d3 f5 7. g3 Nf6 8. Bg2 Qe7
9. Nd5 Nxd5 10. Bxd5 Be6 11. Bxe6 Qxe6 12. Ne2 d5 13. O-O O-O-O 14. b4 g5 15.
Qd2 h5 16. f4 gxf4 17. exf4 h4 18. b5 Nd4 19. Nxd4 exd4 20. Rae1 Qg6 21. Kg2
hxg3 22. hxg3 Qg4 23. Rh1 Rxh1 24. Rxh1 Re8 25. Re1 Rh8 26. Qe2 Qh3+ 27. Kf3
Qh5+ 28. Kg2 Qh2+ 29. Kf3 Qxe2+ 30. Rxe2 Kd7 31. Kg2 Rh6 32. Re1 Rb6 33. a4 a6
34. Ba3 Bf6 35. Rb1 Re6 36. bxa6 bxa6 37. Kf2 Rc6 38. Rb2 Bg7 39. Bb4 Rb6 40.
Ba3 Rc6 41. Bb4 Bh6 42. Kf3 Rg6 43. Bc5 Bg7 44. a5 Rc6 45. Bb4 Bf6 46. g4 fxg4+
47. Kxg4 Bd8 48. Be1 Rg6+ 49. Kf5 Rg2 50. Bb4 Kc6 51. Bf8 Bh4 52. Bh6 Be1 53.
Bg7 Rxg7 54. Kf6 Rg2 55. Ra2 Bh4+ 56. Ke6 Re2+ 57. Kf5 Be7 58. Kg6 Kd6 59. Kf5
Rg2 60. Rb2 Bh4 61. Ra2 Be1 62. Kf6 Bd2 63. f5 Bg5+ 64. Kf7 Ke5 65. f6 Bxf6 66.
Ra1 Bh4 67. Rh1 Bg5 68. Re1+ Be3 69. c3 Ra2 70. cxd4+ Kxd4 71. Ke7 Rxa5 0-1

[Event "I Chess Classic Festival"]
[Site "Siracusa ITA"]
[Date "2006.09.26"]
[Round "4"]
[White "Condorelli, Roberto"]
[Black "Tumino, Andrea"]
[Result "0-1"]
[WhiteElo "1515"]
[BlackElo "1640"]
[PlyCount "38"]
[EventDate "2006.09.23"]

1. c4 Nf6 2. Nf3 g6 3. g3 Bg7 4. Bg2 c6 5. d4 O-O 6. Nc3 d5 7. cxd5 Nxd5 8.
Nxd5 Qxd5 9. O-O Qa5 10. a3 Na6 11. Bf4 c5 12. Bd2 Qd8 13. Bc3 Bg4 14. e3 Qd7
15. Qb3 b5 16. Ne5 Bxe5 17. Bxa8 c4 18. Qc2 Rxa8 19. dxe5 Bf3 0-1

[Event "I Chess Classic Festival"]
[Site "Siracusa ITA"]
[Date "2006.09.26"]
[Round "4"]
[White "Cultrera, Salvatore"]
[Black "Liistro, Giovanni Carlo"]
[Result "0-1"]
[WhiteElo "1693"]
[BlackElo "1820"]
[PlyCount "58"]
[EventDate "2006.09.23"]

1. d4 Nf6 2. Nf3 g6 3. Bf4 Bg7 4. Qd2 d6 5. h3 Nbd7 6. Bh6 Ne4 7. Qe3 Bxh6 8.
Qxh6 Ndf6 9. Nbd2 Nxd2 10. Nxd2 c6 11. e3 Be6 12. Bd3 Qa5 13. c3 O-O-O 14. O-O
Rdg8 15. Ne4 Nxe4 16. Bxe4 f5 17. Qg5 Qd8 18. Bd3 h6 19. Qg3 g5 20. f3 h5 21.
e4 f4 22. Qe1 g4 23. fxg4 hxg4 24. Rxf4 gxh3 25. Bf1 hxg2 26. Bxg2 Bh3 27. Rf2
Qe8 28. Kf1 Bxg2+ 29. Rxg2 Rh1+ 0-1

[Event "I Chess Classic Festival"]
[Site "Siracusa ITA"]
[Date "2006.09.26"]
[Round "4"]
[White "Karlsson, Lars"]
[Black "Rigo, Gianfrancesco"]
[Result "1-0"]
[WhiteElo "2506"]
[BlackElo "2013"]
[PlyCount "63"]
[EventDate "2006.09.23"]

1. c4 Nf6 2. Nc3 b6 3. e4 Bb7 4. d3 e6 5. f4 d5 6. cxd5 exd5 7. e5 d4 8. exf6
dxc3 9. Qe2+ Kd7 10. Qg4+ Ke8 11. fxg7 Qe7+ 12. Ne2 Rg8 13. gxf8=Q+ Kxf8 14.
Qh3 cxb2 15. Bxb2 Nd7 16. O-O-O Nc5 17. Nc3 Rg6 18. Kb1 Rd8 19. f5 Rgd6 20.
Qxh7 Qe3 21. Qh8+ Ke7 22. Qh4+ Kd7 23. Qg3 Qd4 24. Be2 Qb4 25. d4 Ne4 26. Nxe4
Bxe4+ 27. Ka1 b5 28. Ba3 Qa5 29. Bxd6 cxd6 30. Qb3 Ke7 31. Rhe1 Kf8 32. Bh5 1-0

[Event "I Chess Classic Festival"]
[Site "Siracusa ITA"]
[Date "2006.09.26"]
[Round "4"]
[White "Ljubisavljevic, Zivojin Z."]
[Black "Rosolia, Giuseppe"]
[Result "1/2-1/2"]
[WhiteElo "2290"]
[BlackElo "1936"]
[PlyCount "23"]
[EventDate "2006.09.23"]

1. d4 Nf6 2. Nf3 g6 3. g3 Bg7 4. Bg2 O-O 5. O-O d6 6. c4 Nc6 7. Nc3 a6 8. h3 e5
9. dxe5 dxe5 10. Qxd8 Rxd8 11. Bg5 Be6 12. b3 1/2-1/2

[Event "I Chess Classic Festival"]
[Site "Siracusa ITA"]
[Date "2006.09.26"]
[Round "4"]
[White "Menato, Nazario"]
[Black "Mangiafico, Francesco"]
[Result "1-0"]
[WhiteElo "1532"]
[BlackElo "1416"]
[PlyCount "97"]
[EventDate "2006.09.23"]

1. Nf3 c5 2. c4 d6 3. e4 Bg4 4. Be2 h6 5. Nc3 Bxf3 6. Bxf3 e5 7. O-O Nc6 8. Nd5
Nge7 9. Qa4 Qa5 10. Qxa5 Nxa5 11. Nc7+ Kd7 12. Nxa8 Nxc4 13. d3 Na5 14. Bd2 b6
15. b4 Nb7 16. a4 Kc8 17. a5 b5 18. Nb6+ axb6 19. axb6 Nc6 20. Ra8+ Kd7 21.
Bg4+ Ke7 22. Bc8 Nbd8 23. b7 Nxb7 24. Bxb7 Nd4 25. Rfa1 Nb3 26. Rd1 g5 27. bxc5
dxc5 28. Be3 Bg7 29. Rxh8 Bxh8 30. Rb1 c4 31. dxc4 bxc4 32. Bd5 f5 33. exf5 Kf6
34. Bxc4 Nd4 35. Bd3 Nxf5 36. Rb6+ Kf7 37. Bxf5 Bf6 38. g4 Kg7 39. Rb7+ Kf8 40.
Bc5+ Kg8 41. Rh7 Bg7 42. Kg2 Kf7 43. Kg3 Kf6 44. h4 gxh4+ 45. Kxh4 Kf7 46. Bd6
Kg8 47. Kh5 Bf6 48. Kxh6 e4 49. Be6# 1-0

[Event "I Chess Classic Festival"]
[Site "Siracusa ITA"]
[Date "2006.09.26"]
[Round "4"]
[White "Minniti, Giuseppe"]
[Black "Gangemi, Salvatore"]
[Result "1/2-1/2"]
[WhiteElo "1740"]
[BlackElo "2077"]
[PlyCount "105"]
[EventDate "2006.09.23"]

1. e4 e6 2. d4 d5 3. e5 c5 4. Qg4 cxd4 5. Nf3 Nc6 6. Bd3 Qc7 7. Qg3 Nge7 8. O-O
Ng6 9. Re1 Bd7 10. h4 Qb6 11. a3 Nge7 12. b4 Nf5 13. Bxf5 exf5 14. c3 dxc3 15.
Nxc3 Be6 16. Bb2 O-O-O 17. Rac1 Kb8 18. Ne2 h6 19. h5 Rg8 20. Nf4 Ne7 21. Nh4
Rc8 22. Rxc8+ Kxc8 23. Rc1+ Kb8 24. Qd3 a6 25. Bd4 Qb5 26. Qe3 Nc6 27. Nf3 Nxd4
28. Nxd4 Qd7 29. Qb3 Be7 30. Rc2 Rc8 31. Rxc8+ Kxc8 32. Qc3+ Kb8 33. Nd3 Qc7
34. Qxc7+ Kxc7 35. f4 b6 36. Kf2 a5 37. Ke3 Bc8 38. Kd2 g6 39. Nb5+ Kd8 40. Kc3
Ba6 41. a4 axb4+ 42. Nxb4 Bxb5 43. axb5 Bxb4+ 44. Kxb4 Kd7 45. Kc3 Ke6 46. Kd4
gxh5 47. g3 h4 48. gxh4 h5 49. Kd3 f6 50. exf6 Kxf6 51. Kd4 Ke6 52. Kd3 Kd7 53.
Kc3 1/2-1/2

[Event "I Chess Classic Festival"]
[Site "Siracusa ITA"]
[Date "2006.09.26"]
[Round "4"]
[White "Moscarelli, Giacomo"]
[Black "Kopischke, Maik"]
[Result "0-1"]
[WhiteElo "1661"]
[BlackElo "1984"]
[PlyCount "155"]
[EventDate "2006.09.23"]

1. d4 Nf6 2. e3 b6 3. f4 g6 4. Nf3 Bg7 5. Bd3 Bb7 6. O-O d6 7. Nbd2 Nbd7 8. Qe2
c5 9. c3 e6 10. b3 O-O 11. Bb2 Nh5 12. Qf2 f5 13. Ng5 Re8 14. Nc4 Ndf6 15. h3
h6 16. Nf3 Ne4 17. Bxe4 Bxe4 18. Rad1 b5 19. Na3 Qa5 20. Nh4 Kh7 21. dxc5 dxc5
22. g4 Nf6 23. gxf5 Bxf5 24. Nxf5 exf5 25. Qe2 a6 26. Kh2 Rad8 27. Rg1 Rxd1 28.
Rxd1 Qc7 29. Qd3 Re7 30. c4 Rd7 31. Qe2 b4 32. Be5 Qd8 33. Rxd7 Qxd7 34. Bxf6
Bxf6 35. Nc2 Qd6 36. Ne1 g5 37. Qd3 Qe6 38. Ng2 Kg6 39. Kg3 h5 40. fxg5 Bxg5
41. h4 Qe5+ 42. Nf4+ Bxf4+ 43. exf4 Qe1+ 44. Kh3 Qh1+ 45. Kg3 Qg1+ 46. Kf3 Qg4+
47. Ke3 Qg3+ 48. Ke2 Qxf4 49. Qd8 Qe4+ 50. Kf1 Qb1+ 51. Kg2 Qxa2+ 52. Kf1 Qb1+
53. Kg2 Qe4+ 54. Kf1 Qh1+ 55. Kf2 Qh2+ 56. Kf1 Qf4+ 57. Kg2 Qe4+ 58. Kf1 Qb1+
59. Kg2 Qc2+ 60. Kf1 Qc1+ 61. Kg2 Qb2+ 62. Kf1 Qa1+ 63. Kg2 Qf6 64. Qe8+ Kh6
65. Qe3+ f4 66. Qh3 Qb2+ 67. Kf1 Qc1+ 68. Ke2 Qc2+ 69. Kf1 Qd1+ 70. Kf2 Qg4 71.
Qh1 Qg3+ 72. Kf1 f3 73. Qg1 Qxg1+ 74. Kxg1 a5 75. Kf2 a4 76. bxa4 b3 77. a5 b2
78. a6 0-1

[Event "I Chess Classic Festival"]
[Site "Siracusa ITA"]
[Date "2006.09.26"]
[Round "4"]
[White "Mossiaguine, Allan"]
[Black "Fagotto, Roberto"]
[Result "0-1"]
[WhiteElo "1497"]
[BlackElo "1921"]
[PlyCount "88"]
[EventDate "2006.09.23"]

1. e4 e5 2. Nf3 Nf6 3. Bc4 Nxe4 4. Nxe5 d5 5. Qf3 Be6 6. O-O Ng5 7. Qe3 dxc4 8.
h4 h6 9. hxg5 hxg5 10. Re1 Qf6 11. Nc3 c6 12. Nxf7 Kxf7 13. Ne4 Qf5 14. Nxg5+
Kg6 15. Nxe6 Bd6 16. Nd4 Qf6 17. Qe4+ Kf7 18. d3 Na6 19. Nf3 Rh5 20. Bg5 Qg6
21. Qxc4+ Kf8 22. Qg4 Qh7 23. Nh4 g6 24. Be7+ Bxe7 25. Nxg6+ Kg8 26. Nxe7+ Kf7
27. Qe6+ Kg7 28. Kf1 Rf8 29. Qg4+ Kf7 30. Qc4+ Kg7 31. Qc3+ Rf6 32. Ke2 Rc5 33.
Qd4 Rxc2+ 34. Kd1 Rcxf2 35. Nxc6 Qh5+ 36. g4 Qg5 37. Re2 Rf1+ 38. Kc2 Rxa1 39.
Re7+ Kh6 40. Ne5 Qc1+ 41. Kb3 Rb6+ 42. Ka3 Rxa2+ 43. Kxa2 Nb4+ 44. Ka3 Nc2+ 0-1

[Event "I Chess Classic Festival"]
[Site "Siracusa ITA"]
[Date "2006.09.26"]
[Round "4"]
[White "Murgia, Andrea"]
[Black "Parla, Aldo"]
[Result "1-0"]
[WhiteElo "2063"]
[BlackElo "1571"]
[PlyCount "39"]
[EventDate "2006.09.23"]

1. e4 d6 2. d4 Nf6 3. Bd3 e5 4. c3 g6 5. f4 Bg4 6. Nf3 Nbd7 7. O-O Bg7 8. fxe5
dxe5 9. Qb3 Bxf3 10. Rxf3 O-O 11. Bg5 c5 12. d5 Qb6 13. Nd2 Qxb3 14. axb3 a6
15. Raf1 Nh5 16. Be7 Bh6 17. Bxf8 Bxd2 18. Be7 Nf4 19. Be2 Re8 20. Bd6 1-0

[Event "I Chess Classic Festival"]
[Site "Siracusa ITA"]
[Date "2006.09.26"]
[Round "4"]
[White "Rosberg, Simon"]
[Black "Agnello, Giuseppe"]
[Result "1-0"]
[WhiteElo "2011"]
[BlackElo "2139"]
[PlyCount "23"]
[EventDate "2006.09.23"]

1. d4 Nf6 2. Nf3 g6 3. c4 Bg7 4. g3 O-O 5. Bg2 d5 6. O-O dxc4 7. Na3 c5 8. Nxc4
Nc6 9. dxc5 Ne4 10. Be3 Be6 11. Qc2 Bf5 12. g4 1-0

[Event "I Chess Classic Festival"]
[Site "Siracusa ITA"]
[Date "2006.09.26"]
[Round "4"]
[White "Santagati, Alessandro"]
[Black "Timoshenko, Georgy"]
[Result "0-1"]
[WhiteElo "2116"]
[BlackElo "2550"]
[PlyCount "68"]
[EventDate "2006.09.23"]

1. d4 Nf6 2. c4 e6 3. Nf3 b6 4. g3 Bb7 5. Bg2 Be7 6. O-O O-O 7. Nc3 Na6 8. Re1
d5 9. cxd5 Nxd5 10. Nxd5 exd5 11. Bf4 Re8 12. Rc1 c5 13. h4 h6 14. e3 Nb4 15.
Ne5 Nxa2 16. Qh5 Rf8 17. Ra1 Nb4 18. Bxh6 gxh6 19. Ng4 Bc8 20. Nxh6+ Kg7 21. e4
Qd6 22. Nf5+ Bxf5 23. exf5 Rh8 24. Qg4+ Kf8 25. dxc5 bxc5 26. Re2 Qh6 27. Rae1
Bf6 28. Qf3 Qh5 29. Qf4 Nd3 30. Qd6+ Kg7 31. g4 Qxh4 32. g5 Bxg5 33. Rd1 Nf4
34. f6+ Bxf6 0-1

[Event "I Chess Classic Festival"]
[Site "Siracusa ITA"]
[Date "2006.09.26"]
[Round "4"]
[White "Seminara, Antonio"]
[Black "Salvaggio, Salvatore"]
[Result "1/2-1/2"]
[WhiteElo "1976"]
[BlackElo "1694"]
[PlyCount "37"]
[EventDate "2006.09.23"]

1. d4 Nf6 2. Bg5 g6 3. Nc3 Bg7 4. e4 d6 5. Qd2 Nc6 6. Nf3 h6 7. Be3 e6 8. Be2
a6 9. O-O-O b5 10. Bd3 Nd7 11. g4 Nb6 12. g5 h5 13. d5 Nb4 14. Rhe1 Nxd3+ 15.
Qxd3 e5 16. Nd2 O-O 17. h3 Bd7 18. Ne2 b4 19. c4 1/2-1/2

[Event "I Chess Classic Festival"]
[Site "Siracusa ITA"]
[Date "2006.09.26"]
[Round "4"]
[White "Van De Wynkele, Eric"]
[Black "Pafumi, Francesco"]
[Result "1-0"]
[WhiteElo "1982"]
[BlackElo "1702"]
[PlyCount "83"]
[EventDate "2006.09.23"]

1. e4 e5 2. Nf3 Nf6 3. Nxe5 d6 4. Nf3 Nxe4 5. Nc3 d5 6. Qe2 Be7 7. Nxe4 dxe4 8.
Qxe4 O-O 9. Bc4 Bf6 10. O-O Re8 11. Qd5 Qxd5 12. Bxd5 c6 13. Bb3 Bg4 14. c3
Bxf3 15. gxf3 Nd7 16. d4 Nf8 17. Be3 Ng6 18. d5 c5 19. Bxc5 Re2 20. Rab1 Nh4
21. Rfe1 Nxf3+ 22. Kf1 Rxe1+ 23. Rxe1 Nxe1 24. Kxe1 Be5 25. h3 Rd8 26. Kd2 b6
27. Ba3 g5 28. c4 Bd4 29. Ba4 Rc8 30. Bb5 Bc5 31. Bxc5 bxc5 32. Kc3 Rb8 33. a3
Rb6 34. b4 cxb4+ 35. axb4 Rh6 36. Bd7 Rf6 37. c5 Kf8 38. d6 h5 39. c6 Rxd6 40.
c7 Ke7 41. c8=Q Rxd7 42. Qh8 1-0

[Event "I Chess Classic Festival"]
[Site "Siracusa ITA"]
[Date "2006.09.26"]
[Round "5"]
[White "Agnello, Giuseppe"]
[Black "Fagotto, Roberto"]
[Result "1-0"]
[WhiteElo "2139"]
[BlackElo "1921"]
[PlyCount "79"]
[EventDate "2006.09.23"]

1. e4 e5 2. Nf3 Nf6 3. d4 Nxe4 4. Bd3 d5 5. Nxe5 Bd6 6. O-O O-O 7. c4 c6 8. Re1
Bxe5 9. dxe5 Nc5 10. cxd5 Nxd3 11. Qxd3 Qxd5 12. Qxd5 cxd5 13. Nc3 Be6 14. Be3
Nc6 15. Bc5 Rfd8 16. Rad1 b6 17. Bd4 Nxd4 18. Rxd4 Rd7 19. Red1 Rad8 20. h3 h5
21. f4 g6 22. R1d2 Kf8 23. Nd1 Rc8 24. Ne3 Rcd8 25. g4 Rc7 26. f5 gxf5 27. gxf5
Bc8 28. Rxd5 Rxd5 29. Rxd5 Ke7 30. Rd6 Rc1+ 31. Kf2 Rh1 32. Nd5+ Ke8 33. Nf6+
Ke7 34. Nd5+ Ke8 35. Nc7+ Kf8 36. Rd8+ Kg7 37. Rxc8 Rxh3 38. e6 fxe6 39. fxe6
Rh2+ 40. Kf3 1-0

[Event "I Chess Classic Festival"]
[Site "Siracusa ITA"]
[Date "2006.09.26"]
[Round "5"]
[White "Baio, Giuseppe"]
[Black "Gandolfo, Marco"]
[Result "1-0"]
[WhiteElo "1485"]
[BlackElo "2073"]
[PlyCount "93"]
[EventDate "2006.09.23"]

1. d4 Nc6 2. Nf3 Nf6 3. c4 e6 4. Nc3 Bd6 5. e4 e5 6. c5 exd4 7. cxd6 dxc3 8.
dxc7 Qxc7 9. bxc3 Nxe4 10. Qe2 d5 11. Ng5 Qa5 12. Nxe4 Ne5 13. Qb5+ Qxb5 14.
Bxb5+ Bd7 15. Bxd7+ Nxd7 16. Nd6+ Ke7 17. Nf5+ Kf8 18. O-O Rc8 19. Bb2 Rc6 20.
Rfe1 Re6 21. Ba3+ Kg8 22. Ne7+ Kf8 23. Ng6+ Kg8 24. Nxh8 Kxh8 25. h3 Kg8 26.
Rad1 Nb6 27. c4 Nxc4 28. Rxe6 fxe6 29. Bc5 Nb2 30. Rb1 Nc4 31. Rxb7 e5 32. Rxa7
d4 33. Kf1 e4 34. Bxd4 Nd6 35. a4 Nc8 36. Rc7 Nd6 37. Rxg7+ Kh8 38. Rd7+ Kg8
39. Rxd6 Kf7 40. a5 Ke7 41. Bc5 e3 42. a6 exf2 43. a7 h5 44. a8=Q h4 45. Qb7+
Ke8 46. Be3 Kf8 47. Rd8# 1-0

[Event "I Chess Classic Festival"]
[Site "Siracusa ITA"]
[Date "2006.09.26"]
[Round "5"]
[White "Condorelli, Roberto"]
[Black "Moscarelli, Giacomo"]
[Result "0-1"]
[WhiteElo "1515"]
[BlackElo "1661"]
[PlyCount "110"]
[EventDate "2006.09.23"]

1. c4 c5 2. Nf3 d6 3. g3 g6 4. Bg2 Bg7 5. Nc3 Nc6 6. O-O e5 7. d3 Nge7 8. Rb1
Rb8 9. Qa4 O-O 10. Bg5 a6 11. a3 h6 12. Be3 Nf5 13. Nd5 Re8 14. Nd2 Ncd4 15.
Rfe1 b5 16. cxb5 axb5 17. Qd1 Be6 18. Nb3 Ne7 19. Nxe7+ Rxe7 20. Nxd4 exd4 21.
Bc1 Bc8 22. e3 dxe3 23. Rxe3 Bb7 24. Qe2 Rc7 25. Bd2 Bxg2 26. Kxg2 Bd4 27. Ba5
Bxe3 28. Bxc7 Qxc7 29. Qxe3 Qc6+ 30. Qf3 Qxf3+ 31. Kxf3 Re8 32. Rd1 Kf8 33. h3
Re6 34. Rd2 Ke7 35. Re2 d5 36. Re3 Kd6 37. Ke2 d4 38. Rxe6+ fxe6 39. f3 e5 40.
b3 Kd5 41. a4 bxa4 42. bxa4 g5 43. a5 Kc6 44. a6 Kb6 45. a7 Kxa7 46. Kd2 Kb6
47. Kc2 Ka5 48. Kb3 Kb5 49. g4 c4+ 50. dxc4+ Kc5 51. Kb2 Kxc4 52. Kc2 d3+ 53.
Kd2 Kd4 54. Kd1 Ke3 55. Ke1 Kxf3 0-1

[Event "I Chess Classic Festival"]
[Site "Siracusa ITA"]
[Date "2006.09.26"]
[Round "5"]
[White "Conti, Silvano"]
[Black "Candura, Stefano"]
[Result "0-1"]
[WhiteElo "1628"]
[BlackElo "2022"]
[PlyCount "86"]
[EventDate "2006.09.23"]

1. e4 e6 2. d4 d5 3. Nd2 c5 4. exd5 Qxd5 5. dxc5 Bxc5 6. Qf3 Nf6 7. Bd3 Nc6 8.
Ne4 Nxe4 9. Bxe4 Qd6 10. Bxc6+ bxc6 11. Be3 O-O 12. Bxc5 Qxc5 13. c3 Ba6 14.
Qe3 Qxe3+ 15. fxe3 Rfd8 16. Nf3 Rd3 17. Kf2 Rad8 18. Rac1 c5 19. Rhe1 f6 20. c4
Bb7 21. Rc2 Be4 22. Ree2 Kf7 23. Nd2 Bg6 24. Nb3 Rxb3 25. axb3 Bxc2 26. Rxc2
Rd3 27. b4 cxb4 28. c5 Ke7 29. Ke2 Rd5 30. Rc4 a5 31. e4 Rg5 32. c6 Kd8 33. Kf3
Kc7 34. b3 Rb5 35. Ke3 Rb6 36. Kd4 Rxc6 37. Rc5 Kb6 38. Rxc6+ Kxc6 39. Kc4 f5
40. exf5 exf5 41. h4 g6 42. g3 Kb6 43. Kd4 Kb5 0-1

[Event "I Chess Classic Festival"]
[Site "Siracusa ITA"]
[Date "2006.09.26"]
[Round "5"]
[White "Cordaro, Giovanni"]
[Black "Carnemolla, Giampaolo"]
[Result "1/2-1/2"]
[WhiteElo "1482"]
[BlackElo "1659"]
[PlyCount "65"]
[EventDate "2006.09.23"]

1. d4 Nf6 2. c4 g6 3. Nc3 Bg7 4. e4 d6 5. f3 O-O 6. Be3 e5 7. d5 Nbd7 8. Qd2 a5
9. a4 Nc5 10. Bxc5 dxc5 11. g4 Ne8 12. h4 f5 13. g5 Nd6 14. Bd3 Bd7 15. h5 gxh5
16. Rxh5 Be8 17. Rh4 Bg6 18. O-O-O f4 19. Rg4 Nf7 20. Nh3 Ra6 21. Rf1 Re8 22.
Kb1 Bf8 23. Bc2 Nd6 24. Bd3 Be7 25. Nxf4 exf4 26. Qxf4 Rf8 27. Qe3 Qd7 28. Rg3
Nf5 29. exf5 Bxf5 30. Re1 Bd6 31. Rgg1 Bf4 32. Bxf5 Qxf5+ 33. Qe4 1/2-1/2

[Event "I Chess Classic Festival"]
[Site "Siracusa ITA"]
[Date "2006.09.26"]
[Round "5"]
[White "Gangemi, Salvatore"]
[Black "Seminara, Antonio"]
[Result "1-0"]
[WhiteElo "2077"]
[BlackElo "1976"]
[PlyCount "76"]
[EventDate "2006.09.23"]

1. c4 e6 2. Nf3 d5 3. d4 c6 4. Nc3 f5 5. cxd5 exd5 6. Qc2 Nf6 7. Bg5 Bd6 8.
Bxf6 Qxf6 9. Nxd5 Qf7 10. Nc3 O-O 11. e3 h6 12. Rd1 b5 13. Be2 Be6 14. d5 cxd5
15. Bxb5 Rc8 16. Nd4 Nd7 17. Nxe6 Qxe6 18. Bxd7 Qxd7 19. Rxd5 Qe6 20. Qxf5 Qxf5
21. Rxf5 Bb4 22. Kd2 Rab8 23. Kc2 Rb7 24. Rd1 g6 25. Rfd5 Be7 26. Rd7 Rxd7 27.
Rxd7 Bc5 28. a3 a5 29. Rb7 Bd6 30. h3 Bh2 31. f3 Bg1 32. e4 Bd4 33. Rb5 a4 34.
Rb4 Be3 35. Rxa4 Rd8 36. Nd5 Rc8+ 37. Kd3 Bg5 38. Rc4 Ra8 1-0

[Event "I Chess Classic Festival"]
[Site "Siracusa ITA"]
[Date "2006.09.26"]
[Round "5"]
[White "Kopischke, Maik"]
[Black "Minniti, Giuseppe"]
[Result "1-0"]
[WhiteElo "1984"]
[BlackElo "1740"]
[PlyCount "66"]
[EventDate "2006.09.23"]

1. d4 Nf6 2. Nf3 e6 3. Bg5 b6 4. e3 Bb7 5. Bd3 Be7 6. Nbd2 d6 7. O-O O-O 8. c3
Nbd7 9. Qc2 h6 10. Bh4 c5 11. h3 cxd4 12. exd4 a5 13. Rfe1 Ba6 14. Bg3 Bxd3 15.
Qxd3 b5 16. Qxb5 Rb8 17. Qa4 Rxb2 18. Nc4 Nb6 19. Nxb6 Qxb6 20. Qc4 d5 21. Qd3
Ne4 22. Ne5 Qb7 23. Qf3 Bg5 24. c4 Nd2 25. Qc3 Ne4 26. Qa3 Be7 27. c5 Bg5 28.
Red1 Bd2 29. Qf3 Rb4 30. Qd3 Bc3 31. Rab1 Bxd4 32. Rxb4 Bxf2+ 33. Bxf2 Nxf2 1-0

[Event "I Chess Classic Festival"]
[Site "Siracusa ITA"]
[Date "2006.09.26"]
[Round "5"]
[White "Larsson, Daniel"]
[Black "Bottini, Paolo"]
[Result "0-1"]
[WhiteElo "1958"]
[BlackElo "1908"]
[PlyCount "84"]
[EventDate "2006.09.23"]

1. d4 d5 2. e3 Nf6 3. f4 c5 4. c3 e6 5. Bd3 Nc6 6. Nf3 Bd6 7. O-O O-O 8. Ne5
Ne4 9. Nd2 f5 10. Rf3 Bxe5 11. fxe5 c4 12. Bc2 b5 13. Rh3 Qe7 14. Bxe4 fxe4 15.
b3 a5 16. bxc4 bxc4 17. a4 Rf5 18. Ba3 Qf7 19. Qe2 Bd7 20. g4 Rg5 21. Rg3 h5
22. Rf1 Qg6 23. h3 Re8 24. Rb1 hxg4 25. hxg4 Ne7 26. Bxe7 Rxe7 27. Rb7 Qe8 28.
Qd1 Bc6 29. Rxe7 Qxe7 30. Qb1 Bxa4 31. Qb6 Bd1 32. Qxa5 Rxg4 33. Rxg4 Bxg4 34.
Qa8+ Kh7 35. Qa1 Qg5 36. Kh2 Qxe3 37. Qh1 Kg8 38. Qg2 Qf4+ 39. Kg1 e3 40. Nxc4
dxc4 41. Qa8+ Kh7 42. Qh1+ Kg6 0-1

[Event "I Chess Classic Festival"]
[Site "Siracusa ITA"]
[Date "2006.09.26"]
[Round "5"]
[White "Liistro, Giovanni Carlo"]
[Black "Santagati, Alessandro"]
[Result "1/2-1/2"]
[WhiteElo "1820"]
[BlackElo "2116"]
[PlyCount "54"]
[EventDate "2006.09.23"]

1. e4 c5 2. c3 Nf6 3. e5 Nd5 4. d4 cxd4 5. Nf3 Nc6 6. Bc4 Nb6 7. Bb3 e6 8. cxd4
d6 9. exd6 Bxd6 10. Nc3 O-O 11. O-O a6 12. Be3 Nb4 13. Rc1 N4d5 14. Ne4 Be7 15.
Bd2 Bd7 16. Nc5 Bb5 17. Re1 Bxc5 18. dxc5 Nd7 19. Nd4 N7f6 20. Nxb5 axb5 21.
Bg5 Qc7 22. Qf3 Rfd8 23. Red1 Rd7 24. h3 h6 25. Bh4 Rc8 26. Bg3 Qc6 27. a3 Rcd8
1/2-1/2